[Event "POL-chT 2 Liga 2019"]
[Site "Poronin"]
[Date "2019.09.10"]
[Round "4.42"]
[White "Adamczyk, Zuzanna"]
[Black "Pastuszko, Kinga"]
[Result "1/2-1/2"]
[WhiteElo "1938"]
[BlackElo "1998"]
[Annotator "NA"]
[PlyCount "72"]
[EventDate "2019.09.07"]
[EventType "team-tourn"]
[EventCountry "POL"]
[SourceTitle "playchess.com"]
[Source "ChessBase"]
[SourceQuality "1"]
[TimeControl "40/5400+30:1800+30"]

1. e4 {[%emt 0:00:00]} c5 {[%emt 0:00:00]} 2. Nf3 {[%emt 0:00:03]} d6 {[%emt 0:00:00]} 3. d4 {[%emt 0:00:27]} cxd4 {[%emt 0:00:00]} 4. Nxd4 {[%emt 0:00:16]} Nf6 {[%emt 0:00:08]} 5. Nc3 {[%emt 0:00:20]} a6 {[%emt 0:00:14]} 6. Be2 {[%emt 0:00:35]} e5 {[%emt 0:01:18]} 7. Nf3 {[%emt 0:00:33]} Be7 {[%emt 0:02:09]} 8. Bg5 {[%emt 0:00:52]} Be6 {[%emt 0:01:02]} 9. Bxf6 {[%emt 0:01:35]} Bxf6 {[%emt 0:01:02]} 10. Nd5 {[%emt 0:00:54]} Nc6 {[%emt 0:07:36]} 11. c3 {[%emt 0:06:05]} Ne7 {[%emt 0:12:58]} 12. Bc4 {[%emt 0:07:58]} Nxd5 {[%emt 0:05:22]} 13. Bxd5 {[%emt 0:01:06]} Qb6 {[%emt 0:00:16]} 14. O-O {[%emt 0:17:02]} O-O {[%emt 0:01:47]} 15. Rb1 {[%emt 0:04:56]} Rac8 {[%emt 0:10:53]} 16. Qd3 {[%emt 0:04:18]} Rfd8 {[%emt 0:26:17]} 17. Rfd1 {[%emt 0:05:58]} Bxd5 {[%emt 0:02:46]} 18. Qxd5 {[%emt 0:06:12]} Rc5 {[%emt 0:00:18]} 19. Qd3 {[%emt 0:02:06]} Qc6 {[%emt 0:01:10]} 20. Rbc1 {[%emt 0:13:56]} a5 {[%emt 0:00:28]} 21. c4 {[%emt 0:03:04]} Be7 {[%emt 0:08:29]} 22. b3 {[%emt 0:01:00]} f5 {[%emt 0:04:04]} 23. exf5 {[%emt 0:06:26]} e4 {[%emt 0:04:50]} 24. Qe3 {[%emt 0:00:57]} exf3 {[%emt 0:00:11]} 25. Qxe7 {[%emt 0:01:28]} Re8 {[%emt 0:00:20]} 26. Qg5 {[%emt 0:02:51]} Qe4 {[%emt 0:03:56]} 27. gxf3 {[%emt 0:01:40]} Rxf5 {[%emt 0:04:33]} 28. Qxg7+ {[%emt 0:04:05]} Kxg7 {[%emt 0:00:14]} 29. fxe4 {[%emt 0:00:03]} Rxe4 {[%emt 0:00:25]} 30. Rc2 {[%emt 0:02:47]} Rf6 {[%emt 0:01:19]} 31. Rcd2 {[%emt 0:00:34]} Rg4+ {[%emt 0:00:31]} 32. Kf1 {[%emt 0:01:49]} Rgf4 {[%emt 0:00:07]} 33. Kg2 {[%emt 0:01:10]} Rg4+ {[%emt 0:01:06]} 34. Kf1 {[%emt 0:00:19]} Rgf4 {[%emt 0:00:04]} 35. Kg2 {[%emt 0:00:06]} Rg4+ {[%emt 0:00:04]} 36. Kf1 {[%emt 0:00:30]} Rgf4 {[%emt 0:00:40]} 1/2-1/2

[Event "POL-chT 2 Liga 2019"]
[Site "Poronin"]
[Date "2019.09.10"]
[Round "4.43"]
[White "Mulet, Piotr"]
[Black "Bobula, Mateusz"]
[Result "0-1"]
[WhiteElo "2230"]
[BlackElo "2326"]
[Annotator "NA"]
[PlyCount "80"]
[EventDate "2019.09.07"]
[EventType "team-tourn"]
[EventCountry "POL"]
[SourceTitle "playchess.com"]
[Source "ChessBase"]
[SourceQuality "1"]
[TimeControl "40/5400+30:1800+30"]

1. e4 {[%emt 0:00:27]} e6 {[%emt 0:00:00]} 2. d4 {[%emt 0:00:22]} d5 {[%emt 0:00:03]} 3. Nd2 {[%emt 0:00:58]} c5 {[%emt 0:00:27]} 4. exd5 {[%emt 0:00:21]} exd5 {[%emt 0:00:06]} 5. Ngf3 {[%emt 0:00:24]} Nf6 {[%emt 0:00:57]} 6. Bb5+ {[%emt 0:00:16]} Bd7 {[%emt 0:00:19]} 7. Qe2+ {[%emt 0:01:07]} Be7 {[%emt 0:00:32]} 8. dxc5 {[%emt 0:00:34]} O-O {[%emt 0:00:08]} 9. Nb3 {[%emt 0:00:10]} Re8 {[%emt 0:00:22]} 10. Be3 {[%emt 0:00:05]} a6 {[%emt 0:00:37]} 11. Bd3 {[%emt 0:00:06]} Ba4 {[%emt 0:00:24]} 12. Nfd4 {[%emt 0:00:45]} Nbd7 {[%emt 0:00:29]} 13. O-O {[%emt 0:01:55]} Bxb3 {[%emt 0:01:03]} 14. Nxb3 {[%emt 0:05:27]} Nxc5 {[%emt 0:00:39]} 15. Qd1 {[%emt 0:08:46]} Nxb3 {[%emt 0:10:37]} 16. axb3 {[%emt 0:00:35]} Qc7 {[%emt 0:00:16]} 17. Qf3 {[%emt 0:02:50]} Bc5 {[%emt 0:01:26]} 18. Bf4 {[%emt 0:09:03]} Qb6 {[%emt 0:04:33]} 19. Rae1 {[%emt 0:02:02]} Qb4 {[%emt 0:05:19]} 20. Be5 {[%emt 0:08:23]} Qg4 {[%emt 0:20:06]} 21. Qxg4 {[%emt 0:05:22]} Nxg4 {[%emt 0:00:19]} 22. Bg3 {[%emt 0:00:10]} Nf6 {[%emt 0:01:57]} 23. Bf4 {[%emt 0:08:55]} Ne4 {[%emt 0:02:15]} 24. Bxe4 {[%emt 0:04:18]} dxe4 {[%emt 0:00:49]} 25. Rd1 {[%emt 0:01:04]} Rad8 {[%emt 0:00:21]} 26. Be3 {[%emt 0:05:18]} Be7 {[%emt 0:19:02]} 27. Bb6 {[%emt 0:01:40]} Rc8 {[%emt 0:01:18]} 28. c3 {[%emt 0:00:25]} Rc6 {[%emt 0:00:28]} 29. Be3 {[%emt 0:00:14]} Rd6 {[%emt 0:01:00]} 30. Rxd6 {[%emt 0:00:38]} Bxd6 {[%emt 0:00:02]} 31. Rd1 {[%emt 0:15:06]} Bc7 {[%emt 0:00:21]} 32. g4 {[%emt 0:01:26]} Rd8 {[%emt 0:00:47]} 33. Re1 {[%emt 0:03:33]} h5 {[%emt 0:05:24]} 34. h3 {[%emt 0:00:33]} hxg4 {[%emt 0:02:46]} 35. hxg4 {[%emt 0:00:07]} g6 {[%emt 0:03:00]} 36. Bd4 {[%emt 0:09:54]} f5 {[%emt 0:00:40]} 37. f3 {[%emt 0:00:35]} Bg3 {[%emt 0:01:02]} 38. Rf1 {[%emt 0:02:17]} Rxd4 {[%emt 0:00:17]} 39. cxd4 {[%emt 0:00:21]} e3 {[%emt 0:00:02]} 40. gxf5 {[%emt 0:00:00]} gxf5 {[%emt 0:00:00]} 0-1

[Event "POL-chT 2 Liga 2019"]
[Site "Poronin"]
[Date "2019.09.10"]
[Round "4.44"]
[White "Kyc, Jerzy"]
[Black "Galyga, Zbigniew"]
[Result "1-0"]
[WhiteElo "2309"]
[BlackElo "2117"]
[Annotator "TA"]
[PlyCount "80"]
[EventDate "2019.09.07"]
[EventType "team-tourn"]
[EventCountry "POL"]
[SourceTitle "playchess.com"]
[Source "ChessBase"]
[SourceQuality "1"]

{[%evp 11,80,62,57,49,70,54,77,69,121,32,73,53,57,46,54,37,50,36,65,24,29,0,41,0,20,0,0,0,-6,-1,20,-103,154,145,220,208,491,474,753,728,1776,1781,29987,539,2760,534,522,0,0,0,0,0,0,0,0,0,0,0,248,0,676,679,665,647,697,762,846,779,1204,1305,29986]} 1. e4 d6 2. d4 g6 3. Nc3 Bg7 4. Be3 Nd7 5. Qd2 a6 6. h4 h5 7. Nh3 {B06: Modern Defence} e6 (7... c5 8. O-O-O cxd4 9. Bxd4 Ngf6 10. Ng5 b5 11. f3 Bb7 12. Kb1 Rc8 13. Be2 Nb6 14. Rhe1 Nc4 15. Bxc4 Rxc4 16. Bxf6 exf6 {½-½ (70) Movsesian,S (2647)-Adhiban,B (2655) Riadh 2017}) 8. Ng5 b5 9. d5 $146 {White is better.} ({Predecessor:} 9. a4 b4 10. Ne2 c5 11. c3 Rb8 12. Nf4 Qa5 13. Bc4 Ne7 14. Nxf7 Kxf7 15. Nxe6 {0-1 (65) Siebrecht,S (2421)-Berger,S (2423) Germany 2011}) 9... e5 (9... Ne5 $14) 10. O-O-O (10. b4 $16) 10... Qe7 11. Be2 Ngf6 12. f3 Nb6 13. a3 Bd7 14. Rdg1 Rb8 15. Rd1 O-O 16. Nh3 Rb7 17. Bg5 Nc4 18. Bxc4 bxc4 19. g4 Rfb8 20. gxh5 Bxh3 (20... gxh5 $6 21. Bh6 $16) 21. Bxf6 (21. h6 $11 Bh8 22. Rxh3) 21... Bxf6 $4 {[%mdl 8192]} (21... Qxf6 $17 {keeps the pressure on.} 22. Rxh3 gxh5) 22. Rxh3 $16 Qd7 (22... gxh5 $2 23. Qh6 $18) (22... Bg7 $16) 23. Rg3 $18 Bxh4 $2 (23... Rxb2 24. Rdg1 Bg7) 24. Rg4 Rxb2 (24... g5 $142 25. Rxh4 (25. Rxg5+ Bxg5 26. Qxg5+ Kf8 $14) 25... f6) 25. Qh6 Rb1+ 26. Nxb1 Qb5 27. Nc3 (27. Rxh4 $142 Qxb1+ 28. Kd2 $1 {[%mdl 512]} Qb6 29. hxg6 Qf2+ 30. Kc1 Qxh4 31. Qxh4 Rb1+ 32. Kxb1) 27... Qb2+ 28. Kd2 Rb3 {[#]} 29. Qe3 $2 (29. Rxh4 Qxc3+ 30. Ke2 Qxf3+ 31. Ke1 Re3+ 32. Qxe3 (32. Kd2 {is a self mate.} Re2+ 33. Kc1 Qc3 34. Qh8+ Kxh8 35. hxg6+ Kg7 36. Rh7+ Kxg6 37. Rh6+ {[%mdl 64] Decoy} Kxh6 38. Rh1+ Kg7 39. Rg1+ Kf8 40. Rg8+ Kxg8 41. Kb1 Qxc2+ {[%mdl 64] Double Attack} 42. Ka1 Re1#) 32... Qxe3+ 33. Kf1 Qf3+ 34. Ke1 Qg3+ 35. Kd2 Qxh4 $19) (29. Ke2 $1 $18 Qxc2+ 30. Qd2 Rxc3 31. Rxh4) 29... Bf2 $1 $11 {[%cal Rf2e3]} 30. Qxf2 Rxc3 31. Ke1 Rxc2 32. Qe3 Rc3 33. Qe2 Rc2 $1 {[%cal Rc2e2]} 34. Rd2 Qc3 $2 {[#]} (34... Rxd2 $11 35. Qxd2 c3) 35. hxg6 $2 (35. Rg2 $1 $18) 35... fxg6 $2 {[%mdl 8192]} (35... Ra2 $11) 36. Rxg6+ $18 {White is clearly winning.} Kf7 37. Rg2 Rc1+ 38. Kf2 Qa1 39. f4 {Intending Qh5+ and mate.} Kf6 40. fxe5+ Ke7 {Accuracy: White = 41%, Black = 18%.} 1-0

[Event "POL-chT 2 Liga 2019"]
[Site "Poronin"]
[Date "2019.09.10"]
[Round "4.45"]
[White "Bachorczyk, Marcin"]
[Black "Gesicki, Jacek"]
[Result "1-0"]
[WhiteElo "2069"]
[BlackElo "2234"]
[Annotator "NA"]
[PlyCount "59"]
[EventDate "2019.09.07"]
[EventType "team-tourn"]
[EventCountry "POL"]
[SourceTitle "playchess.com"]
[Source "ChessBase"]
[SourceQuality "1"]
[TimeControl "40/5400+30:1800+30"]

1. e4 {[%emt 0:00:00]} c5 {[%emt 0:00:00]} 2. g3 {[%emt 0:00:00]} Nc6 {[%emt 0:00:40]} 3. Bg2 {[%emt 0:00:00]} g6 {[%emt 0:00:44]} 4. d3 {[%emt 0:00:00]} Bg7 {[%emt 0:00:31]} 5. f4 {[%emt 0:00:03]} d6 {[%emt 0:01:04]} 6. Nf3 {[%emt 0:00:07]} e6 {[%emt 0:00:56]} 7. O-O {[%emt 0:00:08]} Nge7 {[%emt 0:00:48]} 8. c3 {[%emt 0:00:10]} O-O {[%emt 0:03:57]} 9. Be3 {[%emt 0:00:06]} b6 {[%emt 0:02:07]} 10. Bf2 {[%emt 0:02:30]} e5 {[%emt 0:12:49]} 11. Nbd2 {[%emt 0:05:48]} Ba6 {[%emt 0:09:08]} 12. Qe2 {[%emt 0:17:19]} exf4 {[%emt 0:19:40]} 13. gxf4 {[%emt 0:00:16]} d5 {[%emt 0:03:21]} 14. e5 {[%emt 0:02:00]} Nf5 {[%emt 0:05:29]} 15. Rfe1 {[%emt 0:04:08]} Bh6 {[%emt 0:04:11]} 16. Bg3 {[%emt 0:28:40]} Re8 {[%emt 0:11:07]} 17. Bh3 {[%emt 0:11:34]} Nxg3 {[%emt 0:04:57]} 18. hxg3 {[%emt 0:00:09]} f6 {[%emt 0:00:03]} 19. Nf1 {[%emt 0:17:56]} fxe5 {[%emt 0:03:52]} 20. fxe5 {[%emt 0:00:48]} Nxe5 {[%emt 0:01:14]} 21. Nxe5 {[%emt 0:01:46]} Bg7 {[%emt 0:00:12]} 22. Qf3 {[%emt 0:02:11]} Bxe5 {[%emt 0:03:30]} 23. Bg2 {[%emt 0:00:06]} Bb7 {[%emt 0:02:01]} 24. Re2 {[%emt 0:03:17]} Qd7 {[%emt 0:03:33]} 25. Ne3 {[%emt 0:02:55]} Rf8 {[%emt 0:02:23]} 26. Qg4 {[%emt 0:00:03]} Qxg4 {[%emt 0:00:35]} 27. Nxg4 {[%emt 0:00:03]} Bg7 {[%emt 0:00:31]} 28. Re7 {[%emt 0:00:18]} h5 {[%emt 0:04:01]} 29. Rxb7 {[%emt 0:01:21]} hxg4 {[%emt 0:00:03]} 30. Bxd5+ {[%emt 0:00:11] Rab8 Rc7+ Rb7} 1-0

[Event "POL-chT 2 Liga 2019"]
[Site "Poronin"]
[Date "2019.09.10"]
[Round "4.46"]
[White "Sendera, Jaroslaw"]
[Black "Pawlowski, Maciej"]
[Result "1-0"]
[WhiteElo "2203"]
[BlackElo "1948"]
[Annotator "NA"]
[PlyCount "75"]
[EventDate "2019.09.07"]
[EventType "team-tourn"]
[EventCountry "POL"]
[SourceTitle "playchess.com"]
[Source "ChessBase"]
[SourceQuality "1"]
[TimeControl "40/5400+30:1800+30"]

1. e4 {[%emt 0:00:00]} e6 {[%emt 0:00:00]} 2. Nf3 {[%emt 0:00:21]} d5 {[%emt 0:00:00]} 3. Nc3 {[%emt 0:00:15]} Nf6 {[%emt 0:00:00]} 4. e5 {[%emt 0:00:17]} Nfd7 {[%emt 0:00:06]} 5. d4 {[%emt 0:00:15]} c5 {[%emt 0:00:10]} 6. dxc5 {[%emt 0:00:25]} Nc6 {[%emt 0:00:10]} 7. Bf4 {[%emt 0:00:22]} Bxc5 {[%emt 0:00:10]} 8. Bd3 {[%emt 0:02:08]} f6 {[%emt 0:00:21]} 9. exf6 {[%emt 0:01:22]} Nxf6 {[%emt 0:00:08]} 10. O-O {[%emt 0:01:51]} O-O {[%emt 0:00:13]} 11. Ne5 {[%emt 0:01:19]} a6 {[%emt 0:04:29]} 12. Qe2 {[%emt 0:06:10]} Bd6 {[%emt 0:13:59]} 13. Rae1 {[%emt 0:18:37]} Qc7 {[%emt 0:08:25]} 14. Bg3 {[%emt 0:03:49]} Nxe5 {[%emt 0:15:04]} 15. Bxe5 {[%emt 0:00:20]} Bd7 {[%emt 0:02:18]} 16. Bxd6 {[%emt 0:25:03]} Qxd6 {[%emt 0:00:06]} 17. Qe5 {[%emt 0:00:34]} Qb6 {[%emt 0:06:31]} 18. b3 {[%emt 0:08:35]} Rae8 {[%emt 0:07:59]} 19. h3 {[%emt 0:00:35]} Qb4 {[%emt 0:07:55]} 20. f4 {[%emt 0:07:15]} g6 {[%emt 0:07:59]} 21. a4 {[%emt 0:06:41]} b5 {[%emt 0:08:13]} 22. axb5 {[%emt 0:00:59]} Bxb5 {[%emt 0:00:33]} 23. Nxb5 {[%emt 0:00:25]} axb5 {[%emt 0:00:03]} 24. Kh2 {[%emt 0:01:46]} Nd7 {[%emt 0:03:33]} 25. Qg5 {[%emt 0:02:22]} Kg7 {[%emt 0:04:46]} 26. Ra1 {[%emt 0:01:22]} Nc5 {[%emt 0:02:24]} 27. Ra7+ {[%emt 0:02:41]} Rf7 {[%emt 0:00:11]} 28. Rxf7+ {[%emt 0:02:49]} Kxf7 {[%emt 0:00:05]} 29. f5 {[%emt 0:01:50]} exf5 {[%emt 0:02:48]} 30. Bxf5 {[%emt 0:00:25]} gxf5 {[%emt 0:03:03]} 31. Rxf5+ {[%emt 0:00:19]} Ke6 {[%emt 0:00:03]} 32. Rf6+ {[%emt 0:00:33]} Kd7 {[%emt 0:00:08]} 33. Qxd5+ {[%emt 0:00:13]} Kc8 {[%emt 0:00:59]} 34. Qc6+ {[%emt 0:02:48]} Kd8 {[%emt 0:00:05]} 35. Rd6+ Ke7 36. Qc7+ Kf8 37. Rf6+ Kg8 38. Qf7+ 1-0

[Event "POL-chT 2 Liga 2019"]
[Site "Poronin"]
[Date "2019.09.10"]
[Round "4.47"]
[White "Sroka, Janusz"]
[Black "Polok, Rafal"]
[Result "0-1"]
[WhiteElo "1876"]
[BlackElo "2053"]
[Annotator "NA"]
[PlyCount "68"]
[EventDate "2019.09.07"]
[EventType "team-tourn"]
[EventCountry "POL"]
[SourceTitle "playchess.com"]
[Source "ChessBase"]
[SourceQuality "1"]
[TimeControl "40/5400+30:1800+30"]

1. e4 {[%emt 0:00:00]} e6 {[%emt 0:00:00]} 2. d4 {[%emt 0:00:23]} d5 {[%emt 0:00:00]} 3. Nd2 {[%emt 0:00:13]} Nf6 {[%emt 0:00:00]} 4. e5 {[%emt 0:00:11]} Nfd7 {[%emt 0:00:00]} 5. c3 {[%emt 0:00:07]} c5 {[%emt 0:00:00]} 6. f4 {[%emt 0:00:06]} Nc6 {[%emt 0:01:08]} 7. Ndf3 {[%emt 0:00:26]} cxd4 {[%emt 0:03:32]} 8. cxd4 {[%emt 0:00:04]} Qb6 {[%emt 0:00:10]} 9. Ne2 {[%emt 0:00:07]} Bb4+ {[%emt 0:04:11]} 10. Bd2 {[%emt 0:01:59]} f6 {[%emt 0:01:35]} 11. a3 {[%emt 0:05:38]} Be7 {[%emt 0:09:53]} 12. Bc3 {[%emt 0:06:17]} O-O {[%emt 0:16:50]} 13. Qd2 {[%emt 0:07:15]} a5 {[%emt 0:07:10]} 14. Rd1 {[%emt 0:11:38]} a4 {[%emt 0:02:59]} 15. Ng3 {[%emt 0:11:20]} Na5 {[%emt 0:15:56]} 16. Bd3 {[%emt 0:01:12]} f5 {[%emt 0:09:43]} 17. Qf2 {[%emt 0:18:18]} Qa7 {[%emt 0:05:04]} 18. Ne2 {[%emt 0:00:39]} Nb6 {[%emt 0:00:41]} 19. h3 {[%emt 0:00:18]} Nbc4 {[%emt 0:01:46]} 20. g4 {[%emt 0:00:10]} Qb6 {[%emt 0:01:21]} 21. Rb1 {[%emt 0:03:21]} Bd7 {[%emt 0:01:15]} 22. Rg1 {[%emt 0:01:36]} Bb5 {[%emt 0:01:22]} 23. Bc2 {[%emt 0:02:09]} Rac8 {[%emt 0:01:05]} 24. gxf5 {[%emt 0:04:47]} exf5 {[%emt 0:00:18]} 25. Qg3 {[%emt 0:03:45]} Qh6 {[%emt 0:02:17]} 26. Ng5 {[%emt 0:03:54]} Qh5 {[%emt 0:03:18]} 27. Bd3 {[%emt 0:08:35]} Nb3 {[%emt 0:02:37]} 28. Rd1 {[%emt 0:02:07]} Rc6 {[%emt 0:00:24]} 29. Kf2 {[%emt 0:03:58]} Rg6 {[%emt 0:02:53]} 30. Qf3 {[%emt 0:00:49]} Qxf3+ {[%emt 0:00:32]} 31. Nxf3 {[%emt 0:00:18]} Rxg1 {[%emt 0:00:32]} 32. Rxg1 {[%emt 0:00:15]} Nxa3 {[%emt 0:00:33]} 33. Bxb5 {[%emt 0:01:10]} Nxb5 {[%emt 0:00:10]} 34. Ra1 {[%emt 0:00:06]} Nxa1 {[%emt 0:00:05]} 0-1

[Event "POL-chT 2 Liga 2019"]
[Site "Poronin"]
[Date "2019.09.10"]
[Round "4.48"]
[White "Trybowska, Barbara"]
[Black "Jakubiec, Edyta"]
[Result "0-1"]
[WhiteElo "1689"]
[BlackElo "2221"]
[Annotator "NA"]
[PlyCount "72"]
[EventDate "2019.09.07"]
[EventType "team-tourn"]
[EventCountry "POL"]
[SourceTitle "playchess.com"]
[Source "ChessBase"]
[SourceQuality "1"]
[TimeControl "40/5400+30:1800+30"]

1. e4 {[%emt 0:00:00]} c5 {[%emt 0:00:00]} 2. Nf3 {[%emt 0:00:00]} d6 {[%emt 0:00:11]} 3. d4 {[%emt 0:00:00]} cxd4 {[%emt 0:00:19]} 4. Nxd4 {[%emt 0:00:00]} Nf6 {[%emt 0:00:10]} 5. Nc3 {[%emt 0:00:16]} a6 {[%emt 0:00:14]} 6. Be3 {[%emt 0:00:40]} e5 {[%emt 0:00:28]} 7. Nb3 {[%emt 0:00:35]} Be7 {[%emt 0:00:25]} 8. Be2 {[%emt 0:00:22]} O-O {[%emt 0:01:46]} 9. O-O {[%emt 0:05:56]} Be6 {[%emt 0:00:42]} 10. Qd2 {[%emt 0:06:53]} Nbd7 {[%emt 0:00:54]} 11. Rad1 {[%emt 0:01:58]} Rc8 {[%emt 0:02:59]} 12. f3 {[%emt 0:06:56]} Qc7 {[%emt 0:00:33]} 13. Bd3 {[%emt 0:03:44]} Nb6 {[%emt 0:07:47]} 14. Qf2 {[%emt 0:03:51]} Nc4 {[%emt 0:03:20]} 15. Bxc4 {[%emt 0:00:50]} Bxc4 {[%emt 0:00:13]} 16. Bb6 {[%emt 0:01:29]} Qb8 {[%emt 0:01:53]} 17. Ba7 {[%emt 0:04:08]} Qa8 {[%emt 0:02:01]} 18. Rfe1 {[%emt 0:03:41]} b5 {[%emt 0:00:37]} 19. Na5 {[%emt 0:09:41]} Be6 {[%emt 0:00:54]} 20. Rd2 {[%emt 0:15:34]} b4 {[%emt 0:13:26]} 21. Ne2 {[%emt 0:12:33]} d5 {[%emt 0:01:59]} 22. exd5 {[%emt 0:00:25]} Nxd5 {[%emt 0:00:25]} 23. Ng3 {[%emt 0:02:51]} Rc7 {[%emt 0:05:15]} 24. Rxe5 {[%emt 0:02:15]} Rxa7 {[%emt 0:00:55]} 25. Ne4 {[%emt 0:06:45]} Rc7 {[%emt 0:04:34]} 26. Qg3 {[%emt 0:03:53]} Qa7+ {[%emt 0:06:25]} 27. Kh1 {[%emt 0:00:42]} Ne3 {[%emt 0:02:53]} 28. Qf2 {[%emt 0:02:13]} Nc4 {[%emt 0:06:58]} 29. Qxa7 {[%emt 0:02:50]} Rxa7 {[%emt 0:00:01]} 30. Nxc4 {[%emt 0:00:14]} Bxc4 {[%emt 0:00:06]} 31. b3 {[%emt 0:00:14]} Bb5 {[%emt 0:01:00]} 32. Red5 {[%emt 0:02:56]} Bc6 {[%emt 0:02:36]} 33. R5d4 {[%emt 0:00:08]} g6 {[%emt 0:01:42]} 34. Nd6 {[%emt 0:01:04]} Bf6 {[%emt 0:01:21]} 35. Rc4 {[%emt 0:00:14]} Bc3 {[%emt 0:00:10]} 36. Re2 {[%emt 0:00:21]} Bb5 {[%emt 0:00:31]} 0-1

[Event "POL-chT 2 Liga 2019"]
[Site "Poronin"]
[Date "2019.09.10"]
[Round "4.49"]
[White "Niekras, Dawid"]
[Black "Sieciechowicz, Marcin"]
[Result "1/2-1/2"]
[WhiteElo "2296"]
[BlackElo "2364"]
[Annotator "TA"]
[PlyCount "114"]
[EventDate "2019.09.07"]
[EventType "team-tourn"]
[EventCountry "POL"]
[SourceTitle "playchess.com"]
[Source "ChessBase"]
[SourceQuality "1"]

{[%evp 9,114,1,21,25,28,20,16,21,15,-5,0,0,0,0,0,0,0,-29,-2,-58,-37,-30,-35,-61,-54,-56,-56,-49,-14,-60,-45,-61,-39,-72,-80,-105,-93,-96,-93,-129,-108,-117,-97,-127,-87,-81,-79,-66,-69,-87,-87,-92,-88,-88,-88,-112,-112,-112,-112,-112,-113,-128,-102,-112,-87,-87,-87,-87,-87,-102,-87,-104,-104,-104,-102,-102,-102,-104,0,-104,-32,-32,-32,-32,-32,-32,-32,-32,-32,-32,-32,-32,-32,-32,-32,-32,-32,-32,-32,-32,-32,-32,-32,-47,-47,-47,-32]} 1. e4 c5 2. Nf3 d6 3. Nc3 Nf6 4. e5 dxe5 5. Nxe5 Nbd7 6. d4 {B50: Sicilian: 2...d6, Miscellaneous} e6 7. Bb5 a6 8. Bxd7+ {The position is equal.} Bxd7 9. Bf4 (9. Be3 {is interesting.} cxd4 10. Qxd4 Bb5 11. a4 Bc6 12. Nxc6 bxc6 13. O-O-O) 9... cxd4 $146 ({Predecessor:} 9... Qb6 10. dxc5 Bxc5 11. O-O Rd8 12. Nd3 Be7 13. Qe2 O-O 14. a4 {1-0 (31) Shimanov,A (2642)-Johnson,F (2191) chess.com INT 2017}) 10. Qxd4 Bb5 11. Qxd8+ Rxd8 12. Nxb5 axb5 13. c3 Nd5 $36 {[%mdl 2048] Black is more active.} 14. Be3 ({White must play} 14. Bd2 $1 $11) 14... f6 15. Nf3 b4 16. c4 Nxe3 17. fxe3 Bc5 18. Ke2 $1 Ke7 19. Ne1 Ra8 20. Nd3 Rhc8 21. a4 bxa3 22. b4 Bd6 23. c5 Bc7 24. h3 Ra4 25. Ra2 f5 26. Rb1 b6 27. Rb3 Rca8 28. cxb6 Bxb6 29. Ne1 Bc7 30. Nc2 {[%cal Rb3a3]} Bd6 31. Raxa3 Rxa3 32. Rxa3 Rxa3 33. Nxa3 Bxb4 $17 {[%mdl 4096] Endgame KB-KN} 34. Nc2 Bc5 35. Kf3 e5 36. e4 f4 37. g3 fxg3 38. Kxg3 Kf6 39. Ne1 Bb4 40. Nd3 Bc3 41. Nc5 Bd4 42. Nd3 Kg5 43. Nb4 Kf6 ({Black should try} 43... Bc3 $17 44. Nd3 h6) 44. Nd5+ (44. Nd3 $11 {was the only way to keep the balance.}) 44... Ke6 (44... Kg6 $17 45. Nb4 Kg5) 45. Kg4 $15 {Black is slightly better.} Bc5 46. h4 Ba3 47. h5 Bd6 48. Ne3 Be7 49. Nd5 Bd8 50. Ne3 Ba5 51. Nf5 g6 52. hxg6 hxg6 53. Nh4 Kf6 54. Nf3 Bc3 55. Nh2 Bd2 56. Kf3 Bf4 57. Ng4+ Ke6 {Accuracy: White = 62%, Black = 48%.} 1/2-1/2

[Event "POL-chT 2 Liga 2019"]
[Site "Poronin"]
[Date "2019.09.10"]
[Round "4.50"]
[White "Grela, Kacper"]
[Black "Zakrzewski, Marek"]
[Result "0-1"]
[WhiteElo "2346"]
[BlackElo "2285"]
[Annotator "TA"]
[PlyCount "92"]
[EventDate "2019.09.07"]
[EventType "team-tourn"]
[EventCountry "POL"]
[SourceTitle "playchess.com"]
[Source "ChessBase"]
[SourceQuality "1"]

{[%evp 9,129,10,20,11,12,0,0,0,0,0,9,20,24,17,24,24,26,26,22,12,29,22,41,42,45,11,12,20,32,32,32,28,31,54,34,36,78,66,79,71,103,102,176,164,204,1,35,0,14,0,0,0,0,0,0,0,24,-43,-60,-22,-27,-22,0,-50,-52,-106,-108,-114,-101,-126,-113,-125,-125,-125,-118,-128,-123,-136,-125,-113,-110,-204,-212,-374,-376,-427,-369,-407,-369,-1718,-1462,-1662,-1189,-1983,-1106,-1203,-867,-1416,-11279,-12731,-7200,-8046,-5515,-6236,-6535,-8046,-6638,-6234,-6195,-5097,-5093,-29984,-29985,-29985,-29986,-29987,-29988,-29988,-29989,-29989,-29989,-29989]} 1. d4 Nf6 2. c4 e6 3. Nf3 Bb4+ 4. Bd2 a5 5. Nc3 b6 (5... d5 6. e3 O-O 7. Qc2 b6 8. cxd5 exd5 9. a3 Be7 10. Bd3 Re8 11. O-O Bf8 12. e4 dxe4 13. Nxe4 Nbd7 14. Neg5 Bd6 15. Bc4 Re7 16. Nxf7 Rxf7 17. Bxf7+ Kh8 18. Rfe1 Bb7 19. Ng5 Qf8 20. Be6 Bd5 21. Bxd5 {1-0 (21) Bacrot,E (2695)-Van Wely,L (2695) chess.com INT 2017}) 6. Qc2 {E11: Bogo-Indian} Bb7 7. e3 O-O 8. Bd3 {The position is equal.} d5 9. cxd5 exd5 10. O-O Nbd7 11. Rac1 Qe7 12. a3 Bxc3 13. Bxc3 Ne4 {[#]} 14. Rfe1 $146 ({Predecessor:} 14. Nd2 f5 15. Rce1 {½-½ (74) Sanikidze,T (2559)-Harutjunyan,G (2504) Tbilisi 2009}) 14... c6 15. Nd2 {[%cal Rd2e4]} Rfe8 16. f3 Nxc3 17. Qxc3 Qf6 18. e4 c5 19. Bb5 $36 {[%mdl 2048] White has the initiative.} Bc6 20. e5 Qh6 21. Bxc6 Qxc6 22. f4 Qa4 23. Nf3 h6 24. Rcd1 Rac8 {[%cal Ba8c8,Bc8c4,Bc4e4][%mdl 32]} 25. Nh4 cxd4 {[#]} (25... Nf8 $16) 26. Qg3 $1 $18 {Black must now prevent Nf5!} Qc2 27. Rxd4 $2 ({White must play} 27. Qg4 $18) 27... Nf8 28. f5 {And now Rg4! would win.} Rc4 29. Rxd5 Re4 30. h3 ({Don't blunder} 30. Rf1 $2 Qc4 $19) 30... Rxe1+ 31. Qxe1 Qxb2 32. Qg3 Rc8 33. Rd1 (33. Kh2 $11) 33... Rc1 34. Rxc1 Qxc1+ 35. Kh2 b5 36. f6 {[%csl Gf6][%cal Rg3g7]} (36. e6 $5 fxe6 37. fxe6 Nxe6 38. Qb8+ Kh7 39. Qxb5 Qf4+ 40. Kg1 $11) 36... Qg5 (36... g6 {is interesting.} 37. Nf5 Ne6 38. Ne7+ Kh7 39. Qf3 Qf4+) 37. Qe1 ({Better is} 37. fxg7 $15 Nd7 38. Nf3 Qxg3+ 39. Kxg3) 37... gxf6 $17 38. Nf3 {[#]} Qf4+ $1 39. Kh1 fxe5 40. Nxe5 Ne6 41. Nc6 Qd6 42. Qc3 a4 43. Ne5 Qd4 44. Qg3+ Kf8 45. Ng4 (45. Nc6 $17 {is a better defense.} Qc5 46. Qb8+ Kg7 47. Qg3+ Qg5 48. Kh2) 45... h5 $19 46. Nh6 $2 {[#]} (46. Ne5) 46... Qa1+ {Played: Qd4-f4} 0-1